Business matters (Record no. 107285)

MARC details
000 -LEADER
fixed length control field 01296cad a22002175a 4500
001 - CONTROL NUMBER
control field L139256
008 - FIXED-LENGTH DATA ELEMENTS--GENERAL INFORMATION
fixed length control field 070724s2007 xxk f 000 0 eng d
035 ## - SYSTEM CONTROL NUMBER
System control number (Sirsi) u139256
041 0# - LANGUAGE CODE
Language code of text/sound track or separate title eng
050 04 - LIBRARY OF CONGRESS CALL NUMBER
Classification number 711.52 $2 18
110 2# - MAIN ENTRY--CORPORATE NAME
Corporate name or jurisdiction name as entry element All Party Urban Development Group
9 (RLIN) 5129
245 00 - TITLE STATEMENT
Title Business matters
Remainder of title understanding the role of business in regeneration
Medium [electronic resource]
260 ## - PUBLICATION, DISTRIBUTION, ETC.
Place of publication, distribution, etc. [S.l.]
Name of publisher, distributor, etc. APUDG
Date of publication, distribution, etc. 2007
520 ## - SUMMARY, ETC.
Summary, etc. Discusses obstacles to increasing business investment in deprived areas, looks at current government policies in this area, and makes recommendations for policy changes. Key barriers include a weak market demand for commercial property development, the complexity and cost of large-scale regeneration, and availability and affordability of business space. Recommendations include implementing targeted policies, taking a holistic approach to increasing employment, and ensuring that regeneration bodies create a stable environment for business.
590 ## - LOCAL NOTE (RLIN)
Local note KA
650 24 - SUBJECT ADDED ENTRY--TOPICAL TERM
Topical term or geographic name entry element BUSINESS IMPROVEMENT DISTRICTS
651 #4 - SUBJECT ADDED ENTRY--GEOGRAPHIC NAME
Geographic name United Kingdom
Chronological subdivision
690 ## - LOCAL SUBJECT ADDED ENTRY--TOPICAL TERM (OCLC, RLIN)
Topical term or geographic name as entry element PROPERTY-PROPERTY MANAGEMENT-REGENERATION
856 40 - ELECTRONIC LOCATION AND ACCESS
Uniform Resource Identifier <a href="https://www.allparty-urbandevelopment.org.uk/reports.html">https://www.allparty-urbandevelopment.org.uk/reports.html</a>
Public note View the report free of charge at www.allparty-urbandevelopment.org.uk...
942 ## - ADDED ENTRY ELEMENTS (KOHA)
Suppress in OPAC 0
Holdings
Withdrawn status Lost status Source of classification or shelving scheme Damaged status Not for loan Home library Current library Shelving location Date acquired Total Checkouts Full call number Barcode Date last seen Copy number Price effective from Koha item type
    Dewey Decimal Classification     Virtual Virtual Online 24/07/2007   ONLINE PUBLICATION 139256-2001 06/08/2019 1 06/08/2019 Book